La India neerlandesa, sus posesiones y establecimientos en el archipiélago de Asia / (Record no. 53450)
[ view plain ]
| 000 -LEADER | |
|---|---|
| campo de control de longitud fija | 00907nam a2200241 i 4500 |
| 001 - NÚMERO DE CONTROL | |
| campo de control | 53450 |
| 003 - IDENTIFICADOR DE NÚMERO DE CONTROL | |
| campo de control | ES-MaACL |
| 005 - FECHA Y HORA DE LA ÚLTIMA TRANSACCIÓN | |
| campo de control | 20230906162753.0 |
| 007 - CAMPO FIJO DE DESCRIPCIÓN FÍSICA--INFORMACIÓN GENERAL | |
| campo de control de longitud fija | t| |
| 008 - DATOS DE LONGITUD FIJA--INFORMACIÓN GENERAL | |
| campo de control de longitud fija | 950927s1863 sp ab ||||1| spa d |
| 100 1# - ENTRADA PRINCIPAL--NOMBRE DE PERSONA | |
| Nombre de persona | Estrada, Luis de. |
| 9 (RLIN) | 48203 |
| 245 13 - MENCIÓN DEL TÍTULO | |
| Título | La India neerlandesa, sus posesiones y establecimientos en el archipiélago de Asia / |
| Mención de responsabilidad, etc. | por el Excmo. Sr. D. Luis de Estrada. |
| 250 ## - MENCION DE EDICION | |
| Mención de edición | 2ª ed. |
| 260 ## - PUBLICACIÓN, DISTRIBUCIÓN, ETC. | |
| Lugar de publicación, distribución, etc. | Madrid : |
| Nombre del editor, distribuidor, etc. | [s.n.], |
| Fecha de publicación, distribución, etc. | 1863 ( |
| Fabricante | Imp. y Estereotipia de M. Rivadeneyra) |
| 300 ## - DESCRIPCIÓN FÍSICA | |
| Extensión | 396 p., [1] h. pleg. de mapa ; |
| Dimensiones | 19 cm. |
| 530 ## - NOTA DISPONIBLE DE FORMULARIO FÍSICO ADICIONAL | |
| Nota de formato físico adicional disponible | Disponible en formato digital. |
| 599 ## - NOTA A LAS ILUSTRACIONES | |
| NOTA A LAS ILUSTRACIONES | Mapa: "Carta de la isla de Java" |
| 651 #4 - PUNTO DE ACCESO ADICIONAL DE MATERIA--NOMBRE GEOGRÁFICO | |
| Nombre geográfico | Java- |
| Subdivisión general | Descripción. |
| 9 (RLIN) | 170550 |
| 651 #4 - PUNTO DE ACCESO ADICIONAL DE MATERIA--NOMBRE GEOGRÁFICO | |
| Nombre geográfico | Sumatra- |
| Subdivisión general | Descripción. |
| 9 (RLIN) | 159937 |
| 651 #4 - PUNTO DE ACCESO ADICIONAL DE MATERIA--NOMBRE GEOGRÁFICO | |
| Nombre geográfico | Borneo- |
| Subdivisión general | Descripción. |
| 9 (RLIN) | 170551 |
| 852 ## - LOCALIZACIÓN | |
| Ubicación | ES-MaACL |
| Número de control de estantería | G-8762 |
| 856 ## - LOCALIZACIÓN Y ACCESO ELECTRÓNICOS | |
| Identificador Uniforme de Recursos | <a href="http://bdh-rd.bne.es/viewer.vm?id=0000123964&page=1 ">http://bdh-rd.bne.es/viewer.vm?id=0000123964&page=1 </a> |
| Nota pública | Biblioteca Digital Hispánica |
| Estatus retirado | Estado de pérdida | Estado de daño | No para préstamo | Colección | Biblioteca de origen | Biblioteca actual | Ubicación en estantería | Fecha de adquisición | Fuente de adquisición | Total de préstamos | Signatura topográfica completa | Código de barras | Visto por última vez | Precio de reemplazo | Tipo de ítem Koha |
|---|---|---|---|---|---|---|---|---|---|---|---|---|---|---|---|
| Colección digital | Biblioteca del Ateneo de Madrid | Biblioteca del Ateneo de Madrid | Sala Pecera Planta 3 | 17/01/2008 | G-8762 | 1056164 | 23/02/2023 | 23/02/2023 | Libro impreso antiguo |
